[Event "Asian-ch Seniors 65"]
[Site "Chess.com INT"]
[Date "2020.07.20"]
[Round "8.5"]
[White "Ziyaev, Negmat"]
[Black "Hamid, Rani"]
[Result "1-0"]
[WhiteElo "2038"]
[BlackElo "2006"]
[PlyCount "81"]
[EventDate "2020.07.20"]
[EventType "swiss"]
[EventRounds "9"]
[EventCountry "UAE"]
[SourceTitle "EXT 2024"]
[Source "ChessBase"]
[SourceDate "2023.10.10"]
[SourceVersion "1"]
[SourceVersionDate "2023.10.10"]
[SourceQuality "1"]

1. c4 c5 2. Nf3 Nf6 3. d4 cxd4 4. Nxd4 Nc6 5. Nc3 g6 6. g3 Bg7 7. Bg2 0-0 8. 0-0 a6 9. Bg5 Nxd4 10. Qxd4 d6 11. Qd3 h6 12. Bf4 Bf5 13. e4 Be6 14. b3 Rc8 15. Rac1 Qd7 16. Rfd1 Bh3 17. Qd2 Kh7 18. f3 Bxg2 19. Kxg2 Qc7 20. Be3 Qd8 21. Bd4 Rc6 22. Qe3 e5 23. Ba7 Qc7 24. Nd5 Qd8 25. c5 Rc8 26. Bb6 Nxd5 27. Rxd5 Qd7 28. Rxd6 Qb5 29. Rcd1 a5 30. Qd3 Qxd3 31. R1xd3 Ra8 32. Rd7 a4 33. b4 a3 34. Rxb7 Ra4 35. Ba5 h5 36. Rdd7 Kg8 37. c6 Bh6 38. c7 Be3 39. Rd8 Bc5 40. Rxf8+ Bxf8 41. c8Q 1-0

[Event "Asian-ch Seniors 65 zt 3.4"]
[Site "Chess.com INT"]
[Date "2020.07.16"]
[Round "3.2"]
[White "Ziyaev, Negmat"]
[Black "Syzdykov, Sabyr"]
[Result "1/2-1/2"]
[WhiteElo "2038"]
[BlackElo "1825"]
[PlyCount "76"]
[EventDate "2020.07.16"]
[EventType "swiss"]
[EventRounds "7"]
[EventCountry "UZB"]
[SourceTitle "EXT 2024"]
[Source "ChessBase"]
[SourceDate "2023.10.10"]
[SourceVersion "1"]
[SourceVersionDate "2023.10.10"]
[SourceQuality "1"]

1. c4 Nf6 2. Nc3 e6 3. e4 c5 4. f4 Nc6 5. Nf3 d6 6. Be2 Be7 7. d4 cxd4 8. Nxd4 Qb6 9. Nc2 0-0 10. Rb1 Rd8 11. Be3 Qc7 12. 0-0 a6 13. b3 b6 14. Bf3 Bb7 15. Kh1 Rac8 16. a4 a5 17. Nd4 Nxd4 18. Bxd4 d5 19. exd5 exd5 20. Bxf6 Bxf6 21. Nxd5 Bxd5 22. Bxd5 Re8 23. Qd2 g6 24. Rbe1 Qc5 25. g3 Kg7 26. h4 h5 27. f5 Qd4 28. Qxd4 Bxd4 29. Rxe8 Rxe8 30. fxg6 fxg6 31. Kg2 Re2+ 32. Kh3 Re3 33. Rf3 Rxf3 34. Bxf3 Kf6 35. g4 hxg4+ 36. Kxg4 Bf2 37. Be4 Be1 38. Bc2 Bf2 1/2-1/2

[Event "Cholpon Ata Issyk Kul op"]
[Site "Cholpon Ata"]
[Date "2016.06.26"]
[Round "6"]
[White "Mukashev, Aminzhan"]
[Black "Ziyaev, Negmat"]
[Result "0-1"]
[WhiteElo "1729"]
[BlackElo "2071"]
[PlyCount "86"]
[EventDate "2016.06.21"]
[EventType "swiss"]
[EventRounds "9"]
[EventCountry "KGZ"]
[SourceTitle "EXT 2017"]
[Source "ChessBase"]
[SourceDate "2016.10.25"]
[SourceVersion "1"]
[SourceVersionDate "2016.10.25"]
[SourceQuality "1"]

1. e4 Nf6 2. e5 Nd5 3. d4 d6 4. c4 Nb6 5. exd6 cxd6 6. Nc3 g6 7. Bd3 Bg7 8. Nge2 0-0 9. 0-0 Nc6 10. d5 Ne5 11. b3 Nxd3 12. Qxd3 Nd7 13. Be3 Nc5 14. Qd2 Re8 15. Bd4 f6 16. Ng3 b6 17. f4 Rf8 18. f5 Nd7 19. Qc2 g5 20. Nge4 g4 21. Ng3 a6 22. Qe2 Ne5 23. Bxe5 fxe5 24. Qxg4 Kh8 25. Nce4 Bf6 26. Nh5 Rg8 27. Qe2 b5 28. Rf3 bxc4 29. bxc4 a5 30. Raf1 Ba6 31. Rh3 Rc8 32. Rc1 Qb6+ 33. Kh1 Rxc4 34. Re1 Rc3 35. Qd2 Rxh3 36. gxh3 Bh4 37. Qh6 Qb4 38. Nd2 Bxe1 39. Nf6 Rg7 40. Nh5 Rg1+ 41. Kxg1 Qd4+ 42. Kh1 Qxd5+ 43. Kg1 Qd4+ 0-1

[Event "Asia-ch Seniors 50"]
[Site "Larestan"]
[Date "2015.09.27"]
[Round "4"]
[White "Rabiei, Sasan"]
[Black "Ziyaev, Negmat"]
[Result "0-1"]
[WhiteElo "2221"]
[BlackElo "2052"]
[PlyCount "130"]
[EventDate "2015.09.25"]
[EventType "swiss"]
[EventRounds "9"]
[EventCountry "IRI"]
[SourceTitle "EXT 2017"]
[Source "ChessBase"]
[SourceDate "2016.10.25"]
[SourceVersion "1"]
[SourceVersionDate "2016.10.25"]
[SourceQuality "1"]

1. e4 Nf6 2. e5 Nd5 3. Nc3 Nxc3 4. dxc3 g6 5. Nf3 Bg7 6. Bf4 d5 7. c4 c6 8. Qd2 Bg4 9. 0-0-0 Bxf3 10. gxf3 e6 11. cxd5 cxd5 12. Bb5+ Nc6 13. c4 dxc4 14. Qxd8+ Rxd8 15. Rxd8+ Kxd8 16. Bxc6 bxc6 17. Rd1+ Kc7 18. Kc2 Rb8 19. Rd4 Rb5 20. Re4 Ra5 21. a3 Rb5 22. Bg3 Kb6 23. f4 Kc5 24. f3 Kd5 25. Bf2 c5 26. Be1 Rb7 27. Re2 Kc6 28. Re4 Kb5 29. Kc3 Rd7 30. Rxc4 Rd1 31. a4+ Kc6 32. Bf2 Bf8 33. Re4 Rc1+ 34. Kd2 Rf1 35. Re2 a6 36. Kd3 Kd5 37. Rd2 Kc6 38. Rc2 Rd1+ 39. Ke4 a5 40. Be3 Rd5 41. Rc3 Be7 42. Rb3 Bd8 43. Rb8 Bc7 44. Rf8 Rd7 45. b3 h5 46. Bf2 Rd2 47. Be3 Rd7 48. h3 Bb6 49. Rc8+ Kb7 50. Rf8 Kc6 51. Rc8+ Bc7 52. Rf8 Bd8 53. Bf2 Bb6 54. Rc8+ Kb7 55. Rf8 c4 56. Bxb6 cxb3 57. Bd4 Rxd4+ 58. Kxd4 b2 59. Rxf7+ Kc6 60. Re7 b1Q 61. Rxe6+ Kc7 62. Rf6 Qd1+ 63. Ke3 Qb3+ 64. Kf2 Qxa4 65. Kg3 Qc2 0-1

[Event "Central Asia Cup 3rd"]
[Site "Dushanbe"]
[Date "2013.10.14"]
[Round "3"]
[White "Ziyaev, Negmat"]
[Black "Barsov, Alexei"]
[Result "0-1"]
[WhiteElo "2140"]
[BlackElo "2535"]
[PlyCount "104"]
[EventDate "2013.10.12"]
[EventType "swiss"]
[EventRounds "9"]
[EventCountry "TJK"]
[SourceTitle "EXT 2014"]
[Source "ChessBase"]
[SourceDate "2013.11.20"]
[SourceVersion "1"]
[SourceVersionDate "2013.11.20"]
[SourceQuality "1"]

1. c4 e6 2. Nc3 d5 3. d4 Bb4 4. Qa4+ Nc6 5. Nf3 Nf6 6. Bg5 dxc4 7. e3 Qd5 8. Bxf6 gxf6 9. Qc2 Rb8 10. Be2 b5 11. 0-0 Bxc3 12. bxc3 f5 13. Ng5 Bb7 14. Bf3 Qd8 15. Nh3 Rg8 16. Kh1 Ne7 17. Bxb7 Rxb7 18. f3 c5 19. Rad1 cxd4 20. Rxd4 Rd7 21. Rfd1 Rxd4 22. Rxd4 Qc7 23. Qf2 a6 24. Rd1 Qe5 25. e4 Qc7 26. Qh4 Ng6 27. Qxh7 Rh8 28. Qg7 Qe5 29. Qxe5 Nxe5 30. exf5 Nd3 31. Kg1 exf5 32. Nf2 Nf4 33. Re1+ Kd7 34. g3 Nd5 35. Nd1 f6 36. a3 a5 37. Re2 Kd6 38. Rc2 Kc5 39. Nf2 Re8 40. Rc1 Re3 41. Nd1 Rxf3 42. Rc2 Rd3 43. Rc1 Kc6 44. Kf1 f4 45. g4 Rxd1+ 46. Rxd1 Ne3+ 47. Ke2 Nxd1 48. Kxd1 f3 49. h4 b4 50. axb4 axb4 51. h5 f2 52. Ke2 bxc3 0-1

[Event "Central Asia Cup 1st"]
[Site "Tashkent"]
[Date "2011.10.21"]
[Round "4"]
[White "Ziyaev, Negmat"]
[Black "Nasriddinzoda, Marvorii"]
[Result "1/2-1/2"]
[WhiteElo "2236"]
[BlackElo "2027"]
[PlyCount "131"]
[EventDate "2011.10.18"]
[EventType "swiss"]
[EventRounds "9"]
[EventCountry "UZB"]
[SourceTitle "CBM 144 Extra"]
[Source "ChessBase"]
[SourceDate "2011.10.28"]
[SourceVersion "1"]
[SourceVersionDate "2011.10.28"]
[SourceQuality "1"]

1. e4 c5 2. Nf3 Nc6 3. Bb5 g6 4. c3 Bg7 5. 0-0 e5 6. d3 Nge7 7. Nbd2 0-0 8. Nc4 a6 9. Bxc6 Nxc6 10. Ne3 d6 11. Nd5 h6 12. Nd2 Be6 13. Nc4 Bxd5 14. exd5 Ne7 15. Ne3 b5 16. Rb1 f5 17. f3 f4 18. Ng4 Rf7 19. c4 Nf5 20. Nf2 g5 21. Ne4 b4 22. a3 a5 23. Ra1 Qe8 24. Bd2 Rb7 25. g4 fxg3 26. hxg3 Qg6 27. g4 Nd4 28. axb4 cxb4 29. Be3 Rf7 30. Kg2 Rfa7 31. b3 Bf8 32. Ng3 Rf7 33. Ra2 Bg7 34. Ne4 Rfa7 35. Re1 Rf7 36. Rf2 Raf8 37. Bxd4 exd4 38. Ng3 Be5 39. Nf5 h5 40. Rh1 h4 41. Qe2 Qf6 42. Qa2 Ra7 43. Re2 a4 44. bxa4 Rfa8 45. Ra1 h3+ 46. Kh1 Qh8 47. Qb3 h2 48. Qd1 Qh3 49. Rf2 Kf7 50. f4 Bxf4 51. Nxd6+ Kg6 52. Nf5 b3 53. Qxb3 Rb8 54. Qd1 Rab7 55. Qe1 Be3 56. Nxe3 dxe3 57. Rxh2 Qf3+ 58. Kg1 Rb2 59. Qf1 Qxg4+ 60. Rg2 Qd4 61. Re1 Rd2 62. Ree2 Rxd3 63. Rxg5+ Kxg5 64. Rg2+ Kh6 65. Rh2+ Kg5 66. Rg2+ 1/2-1/2

[Event "Olympiad-36"]
[Site "Mallorca"]
[Date "2004.10.29"]
[Round "14"]
[White "Ziyaev, Negmat"]
[Black "Halay, Taufik"]
[Result "0-1"]
[WhiteElo "2295"]
[BlackElo "2264"]
[PlyCount "128"]
[EventDate "2004.10.15"]
[EventType "team-swiss"]
[EventRounds "14"]
[EventCountry "ESP"]
[SourceTitle "CBM 104"]
[Source "ChessBase"]
[SourceDate "2005.01.27"]
[SourceVersion "1"]
[SourceVersionDate "2005.01.27"]
[SourceQuality "1"]
[WhiteTeam "Tajikistan"]
[BlackTeam "Indonesia"]
[WhiteTeamCountry "TJK"]
[BlackTeamCountry "INA"]

1. d4 Nf6 2. c4 c5 3. Nf3 cxd4 4. Nxd4 d5 5. cxd5 Nxd5 6. e4 Nb4 7. Qa4+ N8c6 8. Be3 Bd7 9. Nxc6 Nxc6 10. Nc3 e6 11. Be2 Bb4 12. Qb3 Qe7 13. a3 Bc5 14. Bxc5 Qxc5 15. Bb5 0-0 16. Bxc6 Bxc6 17. 0-0 Kh8 18. Rad1 Rae8 19. Qc2 f5 20. exf5 Rxf5 21. Kh1 Ref8 22. Qe2 h6 23. f3 e5 24. Rde1 a6 25. Qe3 Qe7 26. Ne4 Re8 27. Kg1 Rf4 28. g3 Rf5 29. Rf2 Ref8 30. b4 Qe6 31. Kg2 Qc4 32. Rc1 Qb5 33. Rc5 Qa4 34. g4 Rf4 35. Rxe5 Qd1 36. Qd2 Qxd2 37. Nxd2 Rxg4+ 38. Kh3 Rg6 39. f4 Bd7+ 40. f5 Rg5 41. Kh4 Rfxf5 42. Rexf5 Bxf5 43. h3 g6 44. Nf3 Rh5+ 45. Kg3 Rxh3+ 46. Kf4 Kg7 47. Rd2 Rh1 48. Nd4 Rf1+ 49. Ke5 h5 50. Kd6 h4 51. Kc7 Be4 52. Ne6+ Kh6 53. Rd4 Re1 54. Nc5 Bf3 55. Rxh4+ Kg5 56. Rh7 Ra1 57. Rf7 Rxa3 58. Nxb7 Bxb7 59. Kxb7 Ra4 60. Kc6 Rxb4 61. Ra7 Rd4 62. Kc5 Rd8 63. Rxa6 Kf5 64. Ra4 g5 0-1

[Event "Olympiad-36"]
[Site "Mallorca"]
[Date "2004.10.28"]
[Round "13"]
[White "Ziyaev, Negmat"]
[Black "Turpanov, Milan"]
[Result "1-0"]
[WhiteElo "2295"]
[BlackElo "2307"]
[PlyCount "72"]
[EventDate "2004.10.15"]
[EventType "team-swiss"]
[EventRounds "14"]
[EventCountry "ESP"]
[SourceTitle "CBM 104"]
[Source "ChessBase"]
[SourceDate "2005.01.27"]
[SourceVersion "1"]
[SourceVersionDate "2005.01.27"]
[SourceQuality "1"]
[WhiteTeam "Tajikistan"]
[BlackTeam "Kyrgyzstan"]
[WhiteTeamCountry "TJK"]
[BlackTeamCountry "KGZ"]

1. d4 d5 2. c4 e6 3. Nc3 Nf6 4. Bg5 Be7 5. cxd5 exd5 6. e3 0-0 7. Nf3 c6 8. Bd3 Nbd7 9. 0-0 Re8 10. Bf5 Nf8 11. Bxc8 Rxc8 12. Rc1 N6d7 13. Bf4 Nb6 14. Ne5 Ne6 15. Bg3 f6 16. Nd3 Nc4 17. b3 Nd6 18. Bxd6 Bxd6 19. b4 Bb8 20. Nc5 b5 21. Nxe6 Rxe6 22. g3 Bd6 23. Qb3 Qf8 24. e4 Ree8 25. exd5 Qf7 26. dxc6 Qxb3 27. axb3 a6 28. Nd5 Kf7 29. Rcd1 g5 30. Kg2 Re4 31. Kf3 f5 32. h3 h5 33. c7 Ke6 34. Nc3 g4+ 35. hxg4 Rxg4 36. Ne2 Rxc7 1-0

[Event "Olympiad-36"]
[Site "Mallorca"]
[Date "2004.10.22"]
[Round "7"]
[White "Gluckman, Jonathan"]
[Black "Ziyaev, Negmat"]
[Result "1/2-1/2"]
[WhiteElo "2194"]
[BlackElo "2295"]
[PlyCount "119"]
[EventDate "2004.10.15"]
[EventType "team-swiss"]
[EventRounds "14"]
[EventCountry "ESP"]
[SourceTitle "CBM 104"]
[Source "ChessBase"]
[SourceDate "2005.01.27"]
[SourceVersion "1"]
[SourceVersionDate "2005.01.27"]
[SourceQuality "1"]
[WhiteTeam "South Africa"]
[BlackTeam "Tajikistan"]
[WhiteTeamCountry "RSA"]
[BlackTeamCountry "TJK"]

1. e4 c5 2. c3 Nf6 3. e5 Nd5 4. d4 cxd4 5. cxd4 d6 6. exd6 Qxd6 7. Nc3 Nc6 8. Nf3 Bg4 9. Be2 e6 10. 0-0 Be7 11. a3 0-0 12. Qd3 Nf4 13. Bxf4 Qxf4 14. d5 Rad8 15. Rfd1 Bf6 16. g3 Qb8 17. Qe4 Bf5 18. Qc4 exd5 19. Rxd5 Be6 20. Rxd8 Rxd8 21. Qa4 Nd4 22. Nxd4 Rxd4 23. Qc2 g6 24. Rd1 Qc7 25. Rxd4 Bxd4 26. Qd2 Qb6 27. Bf3 Be5 28. Kg2 Qb3 29. h4 h5 30. Qe3 Bg7 31. Qxa7 Qxb2 32. Ne4 Bd4 33. Qb8+ Kg7 34. Qd6 Bf5 35. Qf4 b6 36. Nd2 Bc5 37. a4 Bd4 38. Be4 Be6 39. Nf1 Bf6 40. Bf3 Qd4 41. Qxd4 Bxd4 42. Bc6 Kf6 43. Nd2 Ke7 44. Ne4 Kd8 45. Ng5 Bb3 46. f3 f6 47. Ne4 Kc7 48. Bb5 Be6 49. Nf2 Kd6 50. Nd3 g5 51. Be8 Bb3 52. Nf2 Ke7 53. Bc6 Be6 54. hxg5 fxg5 55. Ne4 Be3 56. Bb5 h4 57. gxh4 gxh4 58. Nf2 Kd6 59. Ng4 Bf4 60. Nf2 1/2-1/2

[Event "Olympiad-36"]
[Site "Mallorca"]
[Date "2004.10.20"]
[Round "6"]
[White "Ziyaev, Negmat"]
[Black "Smerdon, David"]
[Result "0-1"]
[WhiteElo "2295"]
[BlackElo "2425"]
[PlyCount "52"]
[EventDate "2004.10.15"]
[EventType "team-swiss"]
[EventRounds "14"]
[EventCountry "ESP"]
[SourceTitle "CBM 104"]
[Source "ChessBase"]
[SourceDate "2005.01.27"]
[SourceVersion "1"]
[SourceVersionDate "2005.01.27"]
[SourceQuality "1"]
[WhiteTeam "Tajikistan"]
[BlackTeam "Australia"]
[WhiteTeamCountry "TJK"]
[BlackTeamCountry "AUS"]

1. d4 Nf6 2. Nf3 c5 3. d5 e6 4. Nc3 b5 5. dxe6 fxe6 6. Bg5 b4 7. Ne4 d5 8. Nxf6+ gxf6 9. Bh4 Be7 10. e4 dxe4 11. Nd2 Qd5 12. Bc4 Qf5 13. Qe2 Nc6 14. Bb5 Bb7 15. Nxe4 0-0-0 16. c3 Rhg8 17. Bg3 Ne5 18. Ba6 c4 19. Bxb7+ Kxb7 20. 0-0 Nd3 21. cxb4 h5 22. Nc5+ Bxc5 23. bxc5 h4 24. Bxh4 Rxg2+ 25. Kh1 Qd5 26. Qe3 Rxf2+ 0-1

[Event "Olympiad-36"]
[Site "Mallorca"]
[Date "2004.10.18"]
[Round "4"]
[White "Mehmeti, Dritan"]
[Black "Ziyaev, Negmat"]
[Result "0-1"]
[WhiteElo "2346"]
[BlackElo "2295"]
[PlyCount "122"]
[EventDate "2004.10.15"]
[EventType "team-swiss"]
[EventRounds "14"]
[EventCountry "ESP"]
[SourceTitle "CBM 104"]
[Source "ChessBase"]
[SourceDate "2005.01.27"]
[SourceVersion "1"]
[SourceVersionDate "2005.01.27"]
[SourceQuality "1"]
[WhiteTeam "Albania"]
[BlackTeam "Tajikistan"]
[WhiteTeamCountry "ALB"]
[BlackTeamCountry "TJK"]

1. d4 d5 2. Bg5 c5 3. dxc5 Qa5+ 4. Qd2 Qxc5 5. Nc3 e6 6. e4 d4 7. Nd1 h6 8. Bh4 Nc6 9. Bd3 e5 10. Ne2 Be7 11. Bg3 Nf6 12. 0-0 0-0 13. a3 Qb6 14. f4 Nh5 15. Bf2 exf4 16. c3 dxc3 17. Ndxc3 Qa5 18. Nxf4 Bg5 19. Be3 Nxf4 20. Bxf4 Bxf4 21. Qxf4 Be6 22. Rad1 Qe5 23. Nd5 Qxb2 24. Rf3 Qe5 25. Ne7+ Kh8 26. Nxc6 Qxf4 27. Rxf4 bxc6 28. Rc1 Rfd8 29. Bc4 Rac8 30. Bxe6 fxe6 31. Rf7 Rd4 32. Rxa7 Rxe4 33. Ra5 Re2 34. Rac5 Rb8 35. R5c2 Rxc2 36. Rxc2 Rb6 37. a4 Ra6 38. Ra2 Ra5 39. Kf2 Kg8 40. Ke3 Kf7 41. Kd4 Ke7 42. Kc4 c5 43. Ra3 Kd6 44. Ra2 e5 45. Rd2+ Ke6 46. Ra2 e4 47. Ra3 Ke5 48. g3 g5 49. Ra2 h5 50. Ra3 h4 51. Ra2 hxg3 52. hxg3 Kf5 53. Kd5 e3 54. Re2 Rxa4 55. Rxe3 Rd4+ 56. Kxc5 Rd8 57. Kc4 Kg4 58. Kc3 Kh3 59. g4+ Kxg4 60. Re1 Kf3 61. Rf1+ Kg2 0-1

[Event "Olympiad-36"]
[Site "Mallorca"]
[Date "2004.10.17"]
[Round "3"]
[White "Ziyaev, Negmat"]
[Black "Cordova, Emilio"]
[Result "0-1"]
[WhiteElo "2295"]
[BlackElo "2347"]
[PlyCount "96"]
[EventDate "2004.10.15"]
[EventType "team-swiss"]
[EventRounds "14"]
[EventCountry "ESP"]
[SourceTitle "CBM 104"]
[Source "ChessBase"]
[SourceDate "2005.01.27"]
[SourceVersion "1"]
[SourceVersionDate "2005.01.27"]
[SourceQuality "1"]
[WhiteTeam "Tajikistan"]
[BlackTeam "Peru"]
[WhiteTeamCountry "TJK"]
[BlackTeamCountry "PER"]

1. c4 e5 2. Nc3 Nc6 3. Nf3 Nf6 4. e3 d6 5. d4 Bg4 6. Be2 g6 7. 0-0 Bg7 8. d5 Ne7 9. e4 0-0 10. Be3 h6 11. c5 Nh5 12. Ne1 Bxe2 13. Qxe2 f5 14. cxd6 cxd6 15. exf5 Nxf5 16. Nc2 Nf4 17. Qd2 Nxg2 18. Kh1 Nfh4 19. f3 Nf4 20. Ne4 Qd7 21. Rad1 Qh3 22. Nxd6 Nxf3 23. Qf2 Nxd5 24. Qg3 Qxg3 25. hxg3 Nd4 26. Rxf8+ Rxf8 27. Bxd4 exd4 28. Nxd4 Ne3 29. Rd3 Rf1+ 30. Kh2 Rf2+ 31. Kh3 Nf1 32. Nf3 Rxb2 33. Ne8 Re2 34. Rd8 Kh7 35. a4 Re7 36. Nd6 Ne3 37. a5 Bc3 38. Nc8 Rf7 39. Rd3 Rxf3 40. Rxc3 h5 41. Nxa7 g5 42. Rc7+ Kg6 43. Rxb7 h4 44. Nc6 Rxg3+ 45. Kh2 Ng4+ 46. Kh1 h3 47. Rb2 Rc3 48. Ne7+ Kf7 0-1

[Event "Olympiad-36"]
[Site "Mallorca"]
[Date "2004.10.16"]
[Round "2"]
[White "Blanco Acevedo, Cristobal Jose"]
[Black "Ziyaev, Negmat"]
[Result "0-1"]
[WhiteElo "2269"]
[BlackElo "2295"]
[PlyCount "103"]
[EventDate "2004.10.15"]
[EventType "team-swiss"]
[EventRounds "14"]
[EventCountry "ESP"]
[SourceTitle "CBM 104"]
[Source "ChessBase"]
[SourceDate "2005.01.27"]
[SourceVersion "1"]
[SourceVersionDate "2005.01.27"]
[SourceQuality "1"]
[WhiteTeam "Venezuela"]
[BlackTeam "Tajikistan"]
[WhiteTeamCountry "VEN"]
[BlackTeamCountry "TJK"]

1. e4 c5 2. Nf3 e6 3. d4 cxd4 4. Nxd4 Nf6 5. Bd3 Nc6 6. Nxc6 dxc6 7. Qe2 e5 8. Nd2 Qc7 9. 0-0 Be7 10. a4 0-0 11. Kh1 Re8 12. Nc4 Be6 13. Bd2 Rad8 14. Ba5 b6 15. Bc3 Nd7 16. b4 f6 17. Ne3 Nf8 18. Nf5 Ng6 19. Bc4 Bf8 20. Bxe6+ Rxe6 21. Qc4 Qf7 22. Rad1 Ree8 23. Qxf7+ Kxf7 24. g3 Ke6 25. Rxd8 Rxd8 26. f4 Ne7 27. fxe5 fxe5 28. h4 g6 29. Ne3 Nc8 30. Nc4 Bg7 31. b5 cxb5 32. axb5 Rd7 33. Ra1 Rc7 34. Ra4 Rc5 35. Kg2 Rxb5 36. Ne3 Rc5 37. Bb4 Rc6 38. Ra2 a5 39. Ba3 b5 40. Nd5 b4 41. Bc1 Nd6 42. Ne3 b3 43. Rxa5 Bh6 44. cxb3 Rxc1 45. Ng4 Bg7 46. Ra7 Rc2+ 47. Kh3 Bf6 48. Ra6 Be7 49. Ra5 Nf7 50. Ra4 Rb2 51. Nh2 Nd6 52. Nf3 0-1

[Event "Olympiad-36"]
[Site "Mallorca"]
[Date "2004.10.15"]
[Round "1"]
[White "Zhigalko, Andrey"]
[Black "Ziyaev, Negmat"]
[Result "1-0"]
[WhiteElo "2515"]
[BlackElo "2295"]
[PlyCount "103"]
[EventDate "2004.10.15"]
[EventType "team-swiss"]
[EventRounds "14"]
[EventCountry "ESP"]
[SourceTitle "CBM 104"]
[Source "ChessBase"]
[SourceDate "2005.01.27"]
[SourceVersion "1"]
[SourceVersionDate "2005.01.27"]
[SourceQuality "1"]
[WhiteTeam "Belarus"]
[BlackTeam "Tajikistan"]
[WhiteTeamCountry "BLR"]
[BlackTeamCountry "TJK"]

1. e4 c5 2. Nf3 e6 3. d4 cxd4 4. Nxd4 Nf6 5. Nc3 d6 6. Be3 Be7 7. f3 0-0 8. Qd2 d5 9. e5 Nfd7 10. f4 Nc6 11. 0-0-0 a6 12. Kb1 Qc7 13. g4 Bc5 14. Bg2 Na5 15. Qe2 Nc4 16. Bc1 Ndb6 17. Rd3 Bd7 18. Nb3 Bb4 19. g5 Rfc8 20. Rh3 g6 21. Qf2 Qd8 22. Rd1 Bxc3 23. bxc3 Qf8 24. Rdd3 Na4 25. Rh6 Na3+ 26. Ka1 Rxc3 27. Rxc3 Nxc3 28. Be3 b6 29. Bxb6 Na4 30. Bd4 Rc8 31. c3 Nb5 32. Rh3 Nbxc3 33. Qh4 Qg7 34. Bf1 Bb5 35. Bd3 Bxd3 36. Rxd3 Nb5 37. Bf2 Rc2 38. Be1 Qf8 39. Rh3 Rxa2+ 40. Kb1 Rb2+ 41. Kc1 Qg7 42. Nc5 Nxc5 43. Kxb2 Na4+ 44. Ka2 d4 45. Bb4 Nac3+ 46. Ka1 Nd5 47. Bc5 Ne3 48. Qf2 Nf5 49. Qa2 h5 50. gxh6 Nxh6 51. Qxa6 Nc7 52. Qc8+ 1-0